000 00290nam a22001337a 4500
008 181012b xxu||||| |||| 00| 0 eng d
020 _a9780750697767
041 _aeng
080 _a617
100 _a8
101 _aOFT
245 _aGlaucoma Handbook
_cLitwak,A.B
942 _2udc
_cBK
999 _c49485
_d49485